[Event "Uljanovsk Petrosian Memorial op"]
[Site "Uljanovsk"]
[Date "2008.06.21"]
[Round "6"]
[White "Chernysh, Vladimir"]
[Black "Kolosov, Anatoly G1111"]
[Result "0-1"]
[WhiteElo "2070"]
[BlackElo "1949"]
[PlyCount "70"]
[EventDate "2008.06.14"]
[EventType "swiss"]
[EventRounds "9"]
[EventCountry "RUS"]
[SourceTitle "EXT 2022"]
[Source "ChessBase"]
[SourceDate "2021.10.06"]
[SourceVersion "1"]
[SourceVersionDate "2021.10.06"]
[SourceQuality "1"]

1. d4 Nf6 2. Nf3 d5 3. c4 e6 4. Bg5 Bb4+ 5. Nc3 c6 6. e3 Qa5 7. Bxf6 Bxc3+ 8. bxc3 Qxc3+ 9. Nd2 gxf6 10. Rc1 Qa5 11. Qg4 Ke7 12. Qh4 Nd7 13. c5 e5 14. g4 h6 15. Rg1 Qd8 16. f4 e4 17. Rg3 Nf8 18. g5 fxg5 19. Rxg5 hxg5 20. Qxh8 gxf4 21. Qh4+ Ke8 22. Qxf4 Ng6 23. Qg3 Qh4 24. Kf2 Ke7 25. Qxh4+ Nxh4 26. Kg3 Ng6 27. h4 Kf6 28. h5 Ne7 29. Kf4 Be6 30. Rb1 b5 31. a4 bxa4 32. Bg2 Rh8 33. Rh1 a3 34. Nf1 a2 35. Ng3 Ng6+ 0-1

[Event "Uljanovsk Petrosian Memorial op"]
[Site "Uljanovsk"]
[Date "2008.06.17"]
[Round "4"]
[White "Chernysh, Vladimir"]
[Black "Parfenov, Vladimir"]
[Result "0-1"]
[WhiteElo "2070"]
[BlackElo "2097"]
[PlyCount "74"]
[EventDate "2008.06.14"]
[EventType "swiss"]
[EventRounds "9"]
[EventCountry "RUS"]
[SourceTitle "EXT 2022"]
[Source "ChessBase"]
[SourceDate "2021.10.06"]
[SourceVersion "1"]
[SourceVersionDate "2021.10.06"]
[SourceQuality "1"]

1. Nf3 Nf6 2. d4 e6 3. Bg5 d5 4. c4 Bb4+ 5. Nc3 h6 6. Bxf6 Qxf6 7. e3 0-0 8. Rc1 c6 9. a3 Ba5 10. Bd3 Nd7 11. 0-0 Bc7 12. Bb1 Re8 13. Qc2 Nf8 14. e4 dxe4 15. Nxe4 Qf4 16. Ng3 b6 17. Rfe1 Bb7 18. c5 Rad8 19. Rcd1 Re7 20. h3 g6 21. Ne5 Rxd4 22. Nd3 Qh4 23. Ne5 Bxe5 24. Rxe5 Red7 25. Ree1 bxc5 26. Ne4 Qe7 27. Rc1 c4 28. b4 cxb3 29. Qxb3 Ba8 30. Nc5 R7d5 31. Qc3 Nd7 32. Nb3 Ra4 33. Be4 Nb6 34. Bxd5 cxd5 35. Nc5 Rc4 36. Qe3 Kh7 37. Rc3 d4 0-1